| 000 | 00608nam a2200193 4500 | ||
|---|---|---|---|
| 005 | 20240910171212.0 | ||
| 010 | _aENG-141724 | ||
| 020 | _c270.00 | ||
| 035 | _aEN-125256 | ||
| 037 | _bDBAD | ||
| 082 | _a181.4 | ||
| 100 |
_aSai, Vasantha _971452 |
||
| 245 |
_aPrema Sai Prema Avatar/ _cBy Vasantha Sai |
||
| 260 |
_aMadurai _bSri Vasanthasai Books & Publications Trust _c2006 |
||
| 270 |
_aMuktiNilayam,Royapalayam Village B.O. _bTirumangalam S.O, Madurai _e625706 _mmukthinilayam@gmail.com |
||
| 300 |
_a299.p. _c24cm. (pb) _bill. |
||
| 490 | _vPart 1 | ||
| 942 |
_2ddc _cEN _h181.4 _mPRE |
||
| 999 |
_c205771 _d205771 |
||